Statistics for Synonyms A-Z

Click here to take the quiz!

General Stats

  • This quiz has been taken 230 times
    (225 since last reset)
  • The average score is 21 of 26

Answer Stats

LetterWordSynonyms% Correct
BInfantBaby / Babe / Bairn / Bambino / Bundle
95%
WIncorrectWrong
95%
YDeliciousYum / Yummy
94%
CAbleCapable / Competent / Clever / Can
93%
DStupidDumb
93%
HAssistHelp
93%
AGrown UpAdult
91%
OAncientOld / Obsolete / Outmoded
89%
QSilentQuiet
89%
SRockStone / Slab / Shake / Shook / Sway / Swing
89%
LFortunateLucky
88%
GHappyGlad / Gay / Gleeful / Gratified
87%
TJourneyTrip / Travel / Traverse / Trek / Tour / Transit / Tramp
87%
NTidyNeat
86%
RCircularRound
86%
MErrorMistake / Miscalculation / Miscue / Misdeed / Mismanagement / Misunderstanding / Misstep
84%
FAngryFurious / Fuming / Fiery / Fierce / Ferocious
83%
VWorthValue / Valuation / Virtue
82%
JForestJungle
78%
UGenerallyUsually / Universally
76%
PShovePush / Prod
73%
XCopyXerox
57%
EPachydermElephant
48%
KCordialKind
48%
ZSummitZenith
43%
IDisgustingIcky
33%

Score Distribution

Percentile by Number Answered

Percent of People with Each Score

Your Score History

You have not taken this quiz since the last reset